000 00371 a2200133 4500
001 91626
082 _aPR 1591
090 _c43781
_d43780
100 _aRoque Martin D'mello; Prof Fida Muhammad Khan and Fraz Ahmed, Advisors
245 _aData Acquisition Using RT-linux
_n52 "B" EC
260 _aRawalpindi
_bNUST
_c2000
300 _a62p
500 _aBE Project Reports
942 _aCAE NUST
_kPR 1591
999 _c326699
_d326699